000
00222nam a2200085Ia 4500
008
120527s9999 xx 000 0 und d
100
_a
HARBERMAN, R
245
_a
Elementary applied partial differential equations
942
_c
BK
999
_c
25626
_d
25626